Chemical engineering kinetics (Record no. 6589)

000 -LEADER
fixed length control field 00510nam a2200193 4500
001 - CONTROL NUMBER
control field 6589
003 - CONTROL NUMBER IDENTIFIER
control field BD-DhUET
008 - FIXED-LENGTH DATA ELEMENTS--GENERAL INFORMATION
fixed length control field 700825s1970 nyua b 001 0 eng
040 ## - CATALOGING SOURCE
Transcribing agency 0
Modifying agency BD-DhUET
Original cataloging agency DLC
082 00 - DEWEY DECIMAL CLASSIFICATION NUMBER
Classification number 541.39
Item number SMI/1970
100 ## - MAIN ENTRY--PERSONAL NAME
Personal name Smith, J. M.
245 10 - TITLE STATEMENT
Title Chemical engineering kinetics
250 ## - EDITION STATEMENT
Edition statement 2nd ed.
260 ## - PUBLICATION, DISTRIBUTION, ETC. (IMPRINT)
Place of publication, distribution, etc. New York
Name of publisher, distributor, etc. McGraw-Hill
Date of publication, distribution, etc. 1970
300 ## - PHYSICAL DESCRIPTION
Extent xviii, 612p.
Other physical details ill.
490 0# - SERIES STATEMENT
Series statement McGraw-Hill chemical engineering series
650 #0 - SUBJECT ADDED ENTRY--TOPICAL TERM
Topical term or geographic name as entry element Kinetics : Physical chemistry
942 ## - ADDED ENTRY ELEMENTS (KOHA)
Koha item type General Book
Holdings
Koha normalized classification for sorting Not for loan Date acquired Withdrawn status Price effective from Koha date last seen Location (home branch) Shelving location Koha item type Koha full call number Sublocation or collection (holding branch) Copy number Lost status Source of classification or shelving scheme Piece designation (barcode) Damaged status
541_390000000000000_SMI_1970 2014-12-04 2014-12-042014-12-04Central Library, BUETCirculation sectionGeneral Book541.39/SMI/1970Central Library, BUET1  84576 
541_390000000000000_SMI_1970 2014-12-12 2014-12-122014-12-12Central Library, BUETCirculation sectionGeneral Book541.39/SMI/1970Central Library, BUET2  29865 
541_390000000000000_SMI_1970 2014-12-12 2014-12-122014-12-12Central Library, BUETCirculation sectionGeneral Book541.39/SMI/1970Central Library, BUET3  29867 
541_390000000000000_SMI_1970 2014-12-12 2014-12-122014-12-12Central Library, BUETCirculation sectionGeneral Book541.39/SMI/1970Central Library, BUET4  29863 
541_390000000000000_SMI_1970 2015-03-11 2015-03-112015-03-11Central Library, BUETCirculation sectionGeneral Book541.39/SMI/1970Central Library, BUET5  29871 
541_390000000000000_SMI_1970 2015-03-14 2015-03-142015-03-14Central Library, BUETCirculation sectionGeneral Book541.39/SMI/1970Central Library, BUET6  29868 
541_390000000000000_SMI_1970 2015-03-14 2015-03-142015-03-14Central Library, BUETCirculation sectionGeneral Book541.39/SMI/1970Central Library, BUET7  37045 
541_390000000000000_SMI_1970 2015-04-23 2015-04-232015-04-23Central Library, BUETCirculation sectionGeneral Book541.39/SMI/1970Central Library, BUET8  29869 
541_390000000000000_SMI_1970 2015-04-23 2015-04-232015-04-23Central Library, BUETCirculation sectionGeneral Book541.39/SMI/1970Central Library, BUET9  29859 
541_390000000000000_SMI_1970 2015-04-26 2015-04-262015-04-26Central Library, BUETCirculation sectionGeneral Book541.39/SMI/1970Central Library, BUET10  29870 
541_390000000000000_SMI_1970 2015-04-26 2015-04-262015-04-26Central Library, BUETCirculation sectionGeneral Book541.39/SMI/1970Central Library, BUET11  29861 
541_390000000000000_SMI_1970 2015-04-27 2015-04-272015-04-27Central Library, BUETCirculation sectionGeneral Book541.39/SMI/1970Central Library, BUET12  25967 
541_390000000000000_SMI_1970 2015-04-27 2015-04-272015-04-27Central Library, BUETCirculation sectionGeneral Book541.39/SMI/1970Central Library, BUET13  29860 
541_390000000000000_SMI_1970 2015-06-08 2015-06-082015-06-08Central Library, BUETReading sectionReading Item541.39/SMI/1970Central Library, BUET14  29862 
541_390000000000000_SMI_1970 2015-06-08 2015-06-082015-06-08Central Library, BUETReading sectionReading Item541.39/SMI/1970Central Library, BUET15  29866 
541_390000000000000_SMI_1970 2015-06-08 2015-06-082015-06-08Central Library, BUETReading sectionReading Item541.39/SMI/1970Central Library, BUET16  29872 
541_390000000000000_SMI_1970 2015-06-08 2015-06-082015-06-08Central Library, BUETReading sectionReading Item541.39/SMI/1970Central Library, BUET17  29864